The 10 Least Populated Countries in Europe - Map Quiz - Statistics

General Stats
  • This quiz has been taken 70 times
  • The average score is 6 of 10
Answers on the Map
Answers color-coded by a green-red scale on the quiz's map according to % correct below.
 
Answer Stats
Answer % Correct
Liechtenstein
86%
San Marino
83%
Vatican City
83%
Andorra
76%
Monaco
76%
Iceland
62%
Malta
40%
Luxembourg
26%
Estonia
24%
Montenegro
24%
No matching quizzes found
Score Distribution
Percent of People with Each Score
Percentile by Number Answered
Your Score History
You have not taken this quiz